[Event "RN-2018-0-01463"]
[Site "LSS email"]
[Date "2018.08.26"]
[Round "?"]
[White "Cherry, Brian"]
[Black "Popov, Misha"]
[Result "0-1"]
[WhiteElo "362"]
[BlackElo "832"]
[PlyCount "54"]
[EventDate "2018.08.12"]
[EventType "tourn (corr)"]
[EventRounds "6"]
[EventCountry "GER"]
[SourceTitle "Corr 2022"]
[Source "ChessBase"]
[SourceDate "2021.10.24"]
[SourceVersion "1"]
[SourceVersionDate "2021.10.24"]
[SourceQuality "1"]

1. e4 c5 2. Nf3 Nc6 3. c3 e5 4. Bb5 d6 5. Bxc6+ bxc6 6. d4 cxd4 7. cxd4 exd4 8. Nxd4 Bd7 9. Nc3 Nf6 10. f3 Be7 11. 0-0 0-0 12. Nde2 Qc7 13. Qe1 d5 14. exd5 Nxd5 15. Ne4 Nf6 16. N2c3 Be6 17. g3 Nxe4 18. Nxe4 Rfe8 19. Bf4 Qb6+ 20. Rf2 Bd5 21. Be3 Qa6 22. Qc3 Bxe4 23. fxe4 Bf6 24. Qc2 Re5 25. a3 h6 26. Bd4 Re6 27. Raf1 Bxd4 0-1

[Event "RN-2018-0-01463"]
[Site "LSS email"]
[Date "2018.08.26"]
[Round "?"]
[White "Popov, Misha"]
[Black "Venturas, Bob"]
[Result "1-0"]
[WhiteElo "832"]
[BlackElo "696"]
[PlyCount "81"]
[EventDate "2018.08.12"]
[EventType "tourn (corr)"]
[EventRounds "6"]
[EventCountry "GER"]
[SourceTitle "Corr 2022"]
[Source "ChessBase"]
[SourceDate "2021.10.24"]
[SourceVersion "1"]
[SourceVersionDate "2021.10.24"]
[SourceQuality "1"]

1. d4 d5 2. Nf3 a6 3. Bf4 Nc6 4. e3 Bf5 5. Bd3 Bg4 6. h3 Bh5 7. g4 Bg6 8. a3 e6 9. Nc3 Bd6 10. Ne5 Nxe5 11. dxe5 Be7 12. Qe2 c5 13. Bxg6 hxg6 14. 0-0-0 g5 15. Bg3 f6 16. f4 gxf4 17. exf4 c4 18. f5 Qb6 19. exf6 Bxf6 20. Qxe6+ Qxe6 21. fxe6 Ne7 22. Nxd5 0-0-0 23. Nxf6 gxf6 24. Rxd8+ Rxd8 25. Rf1 Rf8 26. Bh4 Nd5 27. g5 f5 28. g6 Rg8 29. Rxf5 Ne3 30. Rc5+ Kb8 31. e7 Re8 32. g7 b5 33. Re5 Ng2 34. g8Q Rxg8 35. e8Q+ Rxe8 36. Rxe8+ Kb7 37. Bf2 Nf4 38. h4 Kc6 39. Kd2 Nh5 40. Rh8 Ng7 41. h5 1-0

[Event "RN-2018-0-01463"]
[Site "LSS email"]
[Date "2018.08.26"]
[Round "?"]
[White "Popov, Misha"]
[Black "Vontina, Maria"]
[Result "1-0"]
[WhiteElo "832"]
[BlackElo "764"]
[PlyCount "57"]
[EventDate "2018.08.12"]
[EventType "tourn (corr)"]
[EventRounds "6"]
[EventCountry "GER"]
[SourceTitle "Corr 2022"]
[Source "ChessBase"]
[SourceDate "2021.10.24"]
[SourceVersion "1"]
[SourceVersionDate "2021.10.24"]
[SourceQuality "1"]

1. e4 e6 2. d4 d5 3. Nc3 Bb4 4. exd5 exd5 5. Bd2 Nf6 6. Nf3 Bg4 7. Be2 0-0 8. 0-0 c6 9. Ne5 Bxe2 10. Nxe2 Bd6 11. f3 Nbd7 12. Nd3 Qc7 13. Bf4 Bxf4 14. Nexf4 Rfe8 15. Qd2 Re7 16. a4 Rae8 17. Rae1 Nb6 18. b3 Rxe1 19. Rxe1 Nbd7 20. Rxe8+ Nxe8 21. Qe2 Nef6 22. Qe7 Qc8 23. Ne5 h6 24. h4 Nxe5 25. dxe5 Ne8 26. e6 fxe6 27. Nxe6 Kh8 28. Qf8+ Kh7 29. Nxg7 1-0

[Event "SN-2018-0-00932"]
[Site "LSS email"]
[Date "2018.07.06"]
[Round "?"]
[White "Popov, Misha"]
[Black "Pehl, Ferenc"]
[Result "0-1"]
[WhiteElo "888"]
[BlackElo "938"]
[PlyCount "132"]
[EventDate "2018.06.08"]
[EventType "tourn (corr)"]
[EventRounds "6"]
[EventCountry "GER"]
[SourceTitle "Corr 2022"]
[Source "ChessBase"]
[SourceDate "2021.10.24"]
[SourceVersion "1"]
[SourceVersionDate "2021.10.24"]
[SourceQuality "1"]

1. e4 e5 2. Nc3 Nf6 3. Bc4 Bc5 4. h3 0-0 5. d3 a6 6. Qe2 Nc6 7. Be3 Bxe3 8. fxe3 d6 9. Nf3 h6 10. 0-0-0 Na5 11. Bb3 Nxb3+ 12. axb3 Be6 13. d4 exd4 14. exd4 Re8 15. e5 Nd7 16. Rde1 dxe5 17. dxe5 Nb6 18. Rd1 Qe7 19. Rhe1 Rad8 20. Nd4 Bc8 21. Qf2 Nd5 22. Nxd5 Rxd5 23. Nf3 Red8 24. Rxd5 Rxd5 25. c4 Rd8 26. Nd4 Qc5 27. Re4 b5 28. Rf4 bxc4 29. Kb1 cxb3 30. Nxb3 Rd1+ 31. Ka2 Qd5 32. Rd4 Rxd4 33. Qxd4 Be6 34. Qxd5 Bxd5 35. g3 Kf8 36. Ka3 Ke7 37. Nc5 Bc4 38. b4 Bb5 39. Kb3 f6 40. e6 f5 41. Kc3 g5 42. h4 gxh4 43. gxh4 Kf6 44. Kd4 c6 45. Ke3 Bc4 46. Kf4 Bxe6 47. Nxa6 Bc4 48. Nb8 Bb5 49. Nd7+ Ke7 50. Ne5 Ke6 51. Nf3 Kd5 52. Ke3 Kc4 53. Nd4 Kxb4 54. Nxf5 c5 55. Kd2 Kb3 56. Kc1 h5 57. Ng7 Be2 58. Ne6 Kb4 59. Nf4 Bg4 60. Nd5+ Kc4 61. Nf4 Kd4 62. Kd2 c4 63. Ng2 c3+ 64. Kc2 Bf5+ 65. Kd1 Ke4 66. Kc1 Kf3 0-1

[Event "RN-2018-0-01448"]
[Site "LSS email"]
[Date "2018.07.01"]
[Round "?"]
[White "Feng, Jason"]
[Black "Popov, Misha"]
[Result "1-0"]
[WhiteElo "1014"]
[BlackElo "888"]
[PlyCount "69"]
[EventDate "2018.06.17"]
[EventType "tourn (corr)"]
[EventRounds "6"]
[EventCountry "GER"]
[SourceTitle "Corr 2022"]
[Source "ChessBase"]
[SourceDate "2021.10.24"]
[SourceVersion "1"]
[SourceVersionDate "2021.10.24"]
[SourceQuality "1"]

1. e4 e5 2. Nf3 Nc6 3. Bc4 f6 4. Bxg8 Rxg8 5. d4 Nxd4 6. Nxd4 exd4 7. Qh5+ g6 8. Qxh7 Rg7 9. Qh4 c5 10. Qg3 g5 11. Nd2 d6 12. Nf3 Be6 13. a3 Qc7 14. Bd2 0-0-0 15. b4 b6 16. 0-0 d5 17. Qxc7+ Kxc7 18. e5 Be7 19. bxc5 bxc5 20. Ba5+ Kc6 21. Bxd8 Bxd8 22. exf6 Bxf6 23. Rab1 c4 24. Rb8 g4 25. Nd2 Bg5 26. Nb1 Bf5 27. c3 d3 28. Rd1 Re7 29. Kf1 d4 30. cxd4 Rb7 31. Rxb7 Kxb7 32. Nc3 Bf6 33. Ke1 Bxd4 34. Kd2 Bxf2 35. Rf1 1-0

[Event "RN-2018-0-01448"]
[Site "LSS email"]
[Date "2018.07.01"]
[Round "?"]
[White "Popov, Misha"]
[Black "Vontina, Maria"]
[Result "1/2-1/2"]
[WhiteElo "888"]
[BlackElo "747"]
[PlyCount "81"]
[EventDate "2018.06.17"]
[EventType "tourn (corr)"]
[EventRounds "6"]
[EventCountry "GER"]
[SourceTitle "Corr 2022"]
[Source "ChessBase"]
[SourceDate "2021.10.24"]
[SourceVersion "1"]
[SourceVersionDate "2021.10.24"]
[SourceQuality "1"]

1. e4 e6 2. d4 d5 3. exd5 exd5 4. c4 Nf6 5. Nc3 c6 6. Bg5 Be7 7. Nf3 0-0 8. Bd3 Re8 9. 0-0 Bg4 10. cxd5 Nxd5 11. h3 Bh5 12. Bxe7 Nxe7 13. Be2 Nd5 14. Re1 Qd6 15. Ne5 Bxe2 16. Rxe2 Nd7 17. Nxd7 Qxd7 18. Qd2 Rxe2 19. Qxe2 Re8 20. Qd2 Nf6 21. Rd1 Nd5 22. a3 a6 23. b4 h6 24. Re1 Rxe1+ 25. Qxe1 Nxc3 26. Qxc3 Kf8 27. Qc5+ Ke8 28. Qe5+ Kf8 29. Qb8+ Ke7 30. Qe5+ Kf8 31. f4 Qd5 32. f5 Qd8 33. g3 Qd5 34. Qxd5 cxd5 35. Kf2 Ke7 36. Ke3 b5 37. Kf4 Kf6 38. g4 g5+ 39. Kf3 Ke7 40. Kg3 f6 41. h4 1/2-1/2

[Event "SN-2018-0-00929"]
[Site "LSS email"]
[Date "2018.06.14"]
[Round "?"]
[White "Popov, Misha"]
[Black "Vontina, Maria"]
[Result "1/2-1/2"]
[WhiteElo "888"]
[BlackElo "780"]
[PlyCount "92"]
[EventDate "2018.05.22"]
[EventType "tourn (corr)"]
[EventRounds "6"]
[EventCountry "GER"]
[SourceTitle "Corr 2022"]
[Source "ChessBase"]
[SourceDate "2021.10.24"]
[SourceVersion "1"]
[SourceVersionDate "2021.10.24"]
[SourceQuality "1"]

1. Nf3 Nf6 2. g3 g6 3. Bg2 Bg7 4. 0-0 0-0 5. d4 c6 6. c4 d5 7. c5 Bg4 8. Bf4 Nbd7 9. h3 Bxf3 10. Bxf3 Re8 11. Nc3 e5 12. Be3 exd4 13. Bxd4 Nf8 14. Na4 Ne6 15. e3 Nxd4 16. exd4 Qd7 17. Kh2 Re7 18. Nc3 Rae8 19. Qd2 h5 20. b4 a6 21. a4 Kh7 22. Rae1 Rxe1 23. Rxe1 Rxe1 24. Qxe1 Qe6 25. Qe2 Qxe2 26. Nxe2 Ne8 27. Kg2 Nc7 28. g4 hxg4 29. hxg4 Ne6 30. b5 axb5 31. axb5 Nxd4 32. bxc6 bxc6 33. Nf4 Bf8 34. Nd3 Nb3 35. Nb4 Nd4 36. Nd3 Nxf3 37. Kxf3 Kg7 38. Ke3 Kf6 39. f4 Ke6 40. Kd4 Bg7+ 41. Ke3 Bf8 42. Kd4 Bg7+ 43. Ke3 Bc3 44. Nf2 Bb4 45. Nd3 Bc3 46. Nc1 Bb4 1/2-1/2

[Event "SN-2018-0-00929"]
[Site "LSS email"]
[Date "2018.06.13"]
[Round "?"]
[White "Popov, Misha"]
[Black "Malyszek, Tomasz"]
[Result "1/2-1/2"]
[WhiteElo "888"]
[BlackElo "951"]
[PlyCount "116"]
[EventDate "2018.05.22"]
[EventType "tourn (corr)"]
[EventRounds "6"]
[EventCountry "GER"]
[SourceTitle "Corr 2022"]
[Source "ChessBase"]
[SourceDate "2021.10.24"]
[SourceVersion "1"]
[SourceVersionDate "2021.10.24"]
[SourceQuality "1"]

1. Nf3 d5 2. d4 Nc6 3. g3 Bf5 4. c3 e5 5. dxe5 Bg4 6. Bg2 Nge7 7. Bf4 Ng6 8. Nbd2 Bxf3 9. Nxf3 Nxf4 10. gxf4 Be7 11. 0-0 Qd7 12. Nd4 0-0 13. e4 dxe4 14. Bxe4 Nxd4 15. Qxd4 Qxd4 16. cxd4 c6 17. d5 cxd5 18. Bxd5 Rab8 19. Rac1 Rfc8 20. Rxc8+ Rxc8 21. Bb3 g6 22. e6 f5 23. Rd1 Kf8 24. Rd7 Rb8 25. Bd5 h5 26. Rxb7 Rd8 27. Rd7 a5 28. Rxd8+ Bxd8 29. Kg2 g5 30. Kf3 g4+ 31. Kg2 Ke7 32. f3 gxf3+ 33. Kxf3 Kf6 34. a4 Be7 35. h3 Bb4 36. Ke3 Bd6 37. h4 Bb4 38. Kd4 Be1 39. Kc5 Bb4+ 40. Kc4 Ke7 41. Kb5 Bd2 42. b3 Bb4 43. Bf3 Kxe6 44. Bxh5 Be1 45. Bg6 Bxh4 46. Kxa5 Bg3 47. b4 Bxf4 48. Ka6 Bc7 49. b5 f4 50. Kb7 Kd6 51. b6 Bd8 52. a5 Kc5 53. Be4 Kb5 54. a6 Bxb6 55. Bd3+ Ka5 56. Be2 Be3 57. a7 Bxa7 58. Kxa7 Kb4 1/2-1/2

[Event "RN-2018-0-01443"]
[Site "LSS email"]
[Date "2018.06.13"]
[Round "?"]
[White "Popov, Misha"]
[Black "Strnad, Pavel"]
[Result "1-0"]
[WhiteElo "888"]
[BlackElo "524"]
[PlyCount "67"]
[EventDate "2018.05.28"]
[EventType "tourn (corr)"]
[EventRounds "6"]
[EventCountry "GER"]
[SourceTitle "Corr 2022"]
[Source "ChessBase"]
[SourceDate "2021.10.24"]
[SourceVersion "1"]
[SourceVersionDate "2021.10.24"]
[SourceQuality "1"]

1. Nf3 b6 2. d4 Nf6 3. g3 Bb7 4. Bg2 e6 5. c4 Bb4+ 6. Bd2 Bxd2+ 7. Nbxd2 0-0 8. 0-0 d6 9. b4 c5 10. a3 Nbd7 11. dxc5 dxc5 12. b5 Qc7 13. Qc2 a6 14. a4 axb5 15. axb5 Rxa1 16. Rxa1 Ra8 17. Qb2 h6 18. Rxa8+ Bxa8 19. Qa3 Qb7 20. Ne1 Qb8 21. Qxa8 Qxa8 22. Bxa8 Kf8 23. Ne4 Nxe4 24. Bxe4 Ne5 25. Bd3 Ke7 26. Nc2 Kd6 27. Kg2 f6 28. f4 Nf7 29. e4 e5 30. Kf3 Ke6 31. h4 g5 32. f5+ Kd6 33. Ne3 Kd7 34. Nd5 1-0

[Event "SN-2018-0-00929"]
[Site "LSS email"]
[Date "2018.06.12"]
[Round "?"]
[White "Strnad, Pavel"]
[Black "Popov, Misha"]
[Result "1-0"]
[WhiteElo "504"]
[BlackElo "888"]
[PlyCount "63"]
[EventDate "2018.05.22"]
[EventType "tourn (corr)"]
[EventRounds "6"]
[EventCountry "GER"]
[SourceTitle "Corr 2022"]
[Source "ChessBase"]
[SourceDate "2021.10.24"]
[SourceVersion "1"]
[SourceVersionDate "2021.10.24"]
[SourceQuality "1"]

1. e4 c5 2. f4 Nc6 3. Nf3 d6 4. Nc3 a6 5. d4 cxd4 6. Nxd4 g6 7. Bc4 Bg7 8. Nde2 Bg4 9. Be3 Nf6 10. Qd2 0-0 11. 0-0-0 Na5 12. Bd3 e5 13. h3 Bxe2 14. Qxe2 Qc7 15. Na4 Qc8 16. Nb6 Qc6 17. Nxa8 Rxa8 18. Bd2 Qa4 19. Bxa5 Qxa5 20. Qd2 Qxa2 21. Qb4 b5 22. Qxd6 exf4 23. Qxf4 Nh5 24. Qf2 Qa1+ 25. Kd2 Qxb2 26. g4 Qb4+ 27. Ke2 Be5 28. gxh5 Bd4 29. Qf3 a5 30. Rb1 Qe7 31. Rxb5 f5 32. Kd2 1-0

[Event "SN-2018-0-00928"]
[Site "LSS email"]
[Date "2018.06.09"]
[Round "?"]
[White "Popov, Misha"]
[Black "Gyongyosi, Peter Laszlo"]
[Result "0-1"]
[WhiteElo "888"]
[BlackElo "763"]
[PlyCount "68"]
[EventDate "2018.05.15"]
[EventType "tourn (corr)"]
[EventRounds "6"]
[EventCountry "GER"]
[SourceTitle "Corr 2022"]
[Source "ChessBase"]
[SourceDate "2021.10.24"]
[SourceVersion "1"]
[SourceVersionDate "2021.10.24"]
[SourceQuality "1"]

1. Nf3 d5 2. d4 Nf6 3. c4 c6 4. e3 Bg4 5. h3 Bxf3 6. Qxf3 Nbd7 7. Nc3 e6 8. a3 Be7 9. Bd2 Qb6 10. b4 Qc7 11. c5 0-0 12. Bd3 b6 13. e4 dxe4 14. Nxe4 Nxe4 15. Qxe4 g6 16. Bf4 Qb7 17. 0-0 Nf6 18. Qe5 Nd5 19. Bh6 Bf6 20. Qe4 Bg7 21. Bxg7 Kxg7 22. Rac1 b5 23. f4 Qd7 24. Rfe1 a5 25. Rb1 axb4 26. axb4 Ra7 27. g4 Nc3 28. Qe5+ f6 29. Qe3 Nxb1 30. Rxb1 Ra3 31. Qe4 Re8 32. Bf1 Kf7 33. h4 Qd5 34. Bd3 f5 0-1

[Event "SN-2018-0-00928"]
[Site "LSS email"]
[Date "2018.06.08"]
[Round "?"]
[White "Popov, Misha"]
[Black "Stehling, Eva"]
[Result "0-1"]
[WhiteElo "888"]
[BlackElo "962"]
[PlyCount "50"]
[EventDate "2018.05.15"]
[EventType "tourn (corr)"]
[EventRounds "6"]
[EventCountry "GER"]
[SourceTitle "Corr 2022"]
[Source "ChessBase"]
[SourceDate "2021.10.24"]
[SourceVersion "1"]
[SourceVersionDate "2021.10.24"]
[SourceQuality "1"]

1. Nf3 d5 2. d4 g6 3. c4 Nf6 4. Nc3 Bg7 5. Bf4 0-0 6. e3 Bg4 7. cxd5 Nxd5 8. Nxd5 Qxd5 9. Be2 c6 10. 0-0 Nd7 11. b3 Nf6 12. Rc1 Rac8 13. Rc5 Qd8 14. Nd2 Bxe2 15. Qxe2 Qb6 16. Nc4 Qa6 17. Re1 b6 18. Re5 Nd5 19. Re4 Nc3 20. Qd3 Nxe4 21. Ne5 Qxd3 22. Nxd3 Rfd8 23. f3 Nc3 24. a3 Nd5 25. Bg3 Nxe3 0-1

[Event "RN-2018-0-01441"]
[Site "LSS email"]
[Date "2018.06.06"]
[Round "?"]
[White "Popov, Misha"]
[Black "Hickl, Norbert"]
[Result "0-1"]
[WhiteElo "888"]
[BlackElo "1061"]
[PlyCount "70"]
[EventDate "2018.05.21"]
[EventType "tourn (corr)"]
[EventRounds "6"]
[EventCountry "GER"]
[SourceTitle "Corr 2022"]
[Source "ChessBase"]
[SourceDate "2021.10.24"]
[SourceVersion "1"]
[SourceVersionDate "2021.10.24"]
[SourceQuality "1"]

1. e4 e6 2. d4 d5 3. e5 c5 4. c3 Nc6 5. Nf3 Qb6 6. Qb3 c4 7. Qxb6 axb6 8. Be2 Be7 9. 0-0 f6 10. Bf4 fxe5 11. Nxe5 Nf6 12. Nd2 0-0 13. b4 Ne4 14. Nxe4 dxe4 15. Nxc4 Rxf4 16. Nxb6 Rb8 17. Nxc8 Rxc8 18. g3 Rf7 19. Rfc1 Rcf8 20. Rf1 Bg5 21. b5 Ne7 22. c4 b6 23. c5 e3 24. f4 Bf6 25. c6 Bxd4 26. Rad1 Bc5 27. Rd7 Nd5 28. Rc1 Nf6 29. Rb7 Rxb7 30. cxb7 Rb8 31. Kf1 Rxb7 32. a4 Ra7 33. Rc4 Nd5 34. Bf3 Nb4 35. Ke2 Rxa4 0-1

[Event "RN-2018-0-01441"]
[Site "LSS email"]
[Date "2018.06.06"]
[Round "?"]
[White "Popov, Misha"]
[Black "Venturas, Bob"]
[Result "0-1"]
[WhiteElo "888"]
[BlackElo "627"]
[PlyCount "52"]
[EventDate "2018.05.21"]
[EventType "tourn (corr)"]
[EventRounds "6"]
[EventCountry "GER"]
[SourceTitle "Corr 2022"]
[Source "ChessBase"]
[SourceDate "2021.10.24"]
[SourceVersion "1"]
[SourceVersionDate "2021.10.24"]
[SourceQuality "1"]

1. e4 e5 2. Nc3 a6 3. d4 exd4 4. Qxd4 Nc6 5. Qd1 Bc5 6. Nf3 h6 7. Bc4 Qe7 8. Qe2 d6 9. Nd5 Qd8 10. a3 Nf6 11. b4 Bd4 12. c3 Be5 13. Nxe5 Nxe5 14. Nxf6+ Qxf6 15. Bb3 0-0 16. 0-0 b5 17. Bb2 Bb7 18. f3 Kh8 19. c4 c6 20. f4 Rfe8 21. fxe5 Qg6 22. exd6 Rxe4 23. Qd3 c5 24. Qg3 Rg4 25. Bc2 Rxg3 26. Bxg6 Rxg2+ 0-1

[Event "IECC CL0-2018.00 email"]
[Site "IECC email"]
[Date "2018.03.31"]
[Round "?"]
[White "Popov, Misha"]
[Black "Endean, Andrew"]
[Result "0-1"]
[WhiteElo "907"]
[BlackElo "1311"]
[PlyCount "112"]
[EventDate "2018.02.25"]
[EventType "tourn (corr)"]
[EventRounds "4"]
[SourceTitle "Corr 2022"]
[Source "ChessBase"]
[SourceDate "2021.10.24"]
[SourceVersion "1"]
[SourceVersionDate "2021.10.24"]
[SourceQuality "1"]

1. Nf3 Nf6 2. g3 g6 3. Bg2 d5 4. d4 Bg7 5. 0-0 0-0 6. Bf4 c6 7. Nc3 Bf5 8. Nh4 Bg4 9. Bf3 Bh3 10. Bg2 Bxg2 11. Nxg2 Nbd7 12. a4 Re8 13. Qd3 e5 14. dxe5 Nxe5 15. Bxe5 Rxe5 16. e3 Qc7 17. Ne1 Ne4 18. f4 Ree8 19. Nd1 Rad8 20. c3 a5 21. Ra3 Bf8 22. Ra1 Nc5 23. Qc2 Bg7 24. Ra3 Bf8 25. Ra2 Ne4 26. Nd3 Bd6 27. b3 Bf8 28. N3f2 Nxf2 29. Rxf2 Bg7 30. b4 axb4 31. cxb4 Re4 32. Qb3 Rde8 33. Rae2 Qb6 34. a5 Qxb4 35. Qxb4 Rxb4 36. Kg2 Rb5 37. Ra2 Ra8 38. a6 Rxa6 39. Rfc2 Rba5 40. Rxa5 Rxa5 41. Kf3 f5 42. h3 Ra3 43. Ke2 Kf7 44. Nf2 Ke6 45. g4 Rb3 46. Nd3 Kd6 47. Nc5 Rb5 48. Nd3 fxg4 49. hxg4 c5 50. f5 b6 51. Nf4 gxf5 52. gxf5 Rb2 53. Kd1 Rxc2 54. Kxc2 Ke5 55. Nh5 Bf6 56. Ng3 Bh4 0-1

[Event "IECC CL0-2018.00 email"]
[Site "IECC email"]
[Date "2018.03.25"]
[Round "?"]
[White "Chura, Michal"]
[Black "Popov, Misha"]
[Result "1-0"]
[WhiteElo "1317"]
[BlackElo "907"]
[PlyCount "63"]
[EventDate "2018.02.25"]
[EventType "tourn (corr)"]
[EventRounds "4"]
[SourceTitle "Corr 2022"]
[Source "ChessBase"]
[SourceDate "2021.10.24"]
[SourceVersion "1"]
[SourceVersionDate "2021.10.24"]
[SourceQuality "1"]

1. f4 d5 2. Nf3 Nc6 3. e3 Nf6 4. Bb5 Bd7 5. 0-0 e6 6. b3 Be7 7. Bb2 0-0 8. d3 a6 9. Bxc6 Bxc6 10. Ne5 Be8 11. Rf3 Nd7 12. Rh3 Nxe5 13. Qh5 h6 14. Bxe5 Bf6 15. Nd2 Bxe5 16. fxe5 f5 17. Qf3 Bg6 18. Rg3 Kh7 19. Rf1 c5 20. Qf4 d4 21. Nc4 b5 22. Nd6 Be8 23. e4 g5 24. Qd2 f4 25. Rh3 Kg6 26. g3 h5 27. gxf4 Qe7 28. Rg3 g4 29. h3 Qh4 30. Qg2 Kh7 31. hxg4 Rg8 32. g5 1-0

[Event "IECC CL0-2018.00 email"]
[Site "IECC email"]
[Date "2018.03.25"]
[Round "?"]
[White "Raines, David T"]
[Black "Popov, Misha"]
[Result "1-0"]
[WhiteElo "1173"]
[BlackElo "907"]
[PlyCount "45"]
[EventDate "2018.02.25"]
[EventType "tourn (corr)"]
[EventRounds "4"]
[SourceTitle "Corr 2022"]
[Source "ChessBase"]
[SourceDate "2021.10.24"]
[SourceVersion "1"]
[SourceVersionDate "2021.10.24"]
[SourceQuality "1"]

1. d4 d5 2. Nf3 Nf6 3. c4 e6 4. Nc3 Bb4 5. Qa4+ Nc6 6. e3 Bd7 7. Qc2 0-0 8. a3 Bxc3+ 9. bxc3 dxc4 10. Bxc4 Ne8 11. 0-0 Nd6 12. Bd3 f5 13. Bb2 Nf7 14. e4 g6 15. e5 Ne7 16. c4 Bc6 17. Be2 Be4 18. Qc3 h6 19. Rad1 c6 20. Nd2 c5 21. Nxe4 fxe4 22. d5 exd5 23. cxd5 1-0

[Event "RN-2017-0-01361"]
[Site "LSS email"]
[Date "2017.11.03"]
[Round "?"]
[White "Popov, Misha"]
[Black "Kuttner, Jaromir"]
[Result "0-1"]
[WhiteElo "942"]
[BlackElo "914"]
[PlyCount "138"]
[EventDate "2017.10.27"]
[EventType "tourn (corr)"]
[EventRounds "6"]
[EventCountry "GER"]
[SourceTitle "Corr 2022"]
[Source "ChessBase"]
[SourceDate "2021.10.24"]
[SourceVersion "1"]
[SourceVersionDate "2021.10.24"]
[SourceQuality "1"]

1. Nf3 Nf6 2. g3 d5 3. d4 e6 4. Bg2 c5 5. 0-0 Nc6 6. Bg5 h6 7. Bxf6 Qxf6 8. c3 cxd4 9. Nxd4 Bc5 10. Nb3 Bb6 11. e3 0-0 12. N1d2 Re8 13. Nd4 Nxd4 14. exd4 Bd7 15. Qf3 Qxf3 16. Nxf3 f6 17. a4 a5 18. Rfe1 Rac8 19. Bh3 Rc4 20. Nd2 Rcc8 21. Re3 Kf7 22. Kh1 g5 23. f4 f5 24. Bf1 Kf6 25. b4 Rg8 26. Nb3 axb4 27. cxb4 Rc2 28. a5 Ba7 29. Nc5 Bc8 30. Rae1 Re8 31. fxg5+ hxg5 32. Bd3 Rb2 33. g4 Bxc5 34. bxc5 Rh8 35. R1e2 Rxe2 36. Bxe2 f4 37. Rb3 e5 38. Rb6+ Kf7 39. dxe5 Rh3 40. Rf6+ Kg7 41. Rd6 Re3 42. Bb5 Rxe5 43. h3 d4 44. Rxd4 f3 45. Kg1 Rxc5 46. Rb4 Be6 47. Bd3 Kf6 48. Kf2 Bd5 49. a6 bxa6 50. Bxa6 Rc2+ 51. Kf1 Ke5 52. Bd3 Rh2 53. Kg1 Rxh3 54. Bf1 Rh7 55. Kf2 Rc7 56. Bd3 Rc3 57. Bf5 Ra3 58. Rb2 Rc3 59. Rb5 Kd4 60. Rb4+ Kc5 61. Ra4 Kb5 62. Rd4 Kc5 63. Ra4 Kd6 64. Rd4 Ke5 65. Rb4 Rc1 66. Rb2 Rh1 67. Rb4 Rh2+ 68. Kf1 Rg2 69. Rb5 Kd4 0-1

[Event "RN-2017-0-01360"]
[Site "LSS email"]
[Date "2017.11.01"]
[Round "?"]
[White "Neuhausen, Rainer"]
[Black "Popov, Misha"]
[Result "1-0"]
[WhiteElo "1045"]
[BlackElo "942"]
[PlyCount "71"]
[EventDate "2017.10.23"]
[EventType "tourn (corr)"]
[EventRounds "6"]
[EventCountry "GER"]
[SourceTitle "Corr 2022"]
[Source "ChessBase"]
[SourceDate "2021.10.24"]
[SourceVersion "1"]
[SourceVersionDate "2021.10.24"]
[SourceQuality "1"]

1. d4 d5 2. Nf3 Nc6 3. c4 dxc4 4. e3 b5 5. b3 Be6 6. Nc3 b4 7. Na4 c3 8. Bb5 Bd7 9. Nc5 Nb8 10. Nxd7 Nxd7 11. Ne5 Ngf6 12. Qf3 Rb8 13. Nc6 Qc8 14. Nxb8 Qxb8 15. Bxd7+ Nxd7 16. e4 c5 17. Bf4 Qc8 18. d5 g6 19. e5 Bg7 20. Qe3 0-0 21. 0-0 e6 22. d6 Qc6 23. Rfc1 Nb6 24. a3 a5 25. Bh6 Nd7 26. Bxg7 Kxg7 27. Re1 Nb6 28. axb4 axb4 29. Ra6 Rb8 30. Qg5 Rb7 31. Qf6+ Kg8 32. Qd8+ Kg7 33. Rea1 Qb5 34. Rxb6 Rxb6 35. d7 Ra6 36. Qf6+ 1-0

[Event "RN-2017-0-01360"]
[Site "LSS email"]
[Date "2017.11.01"]
[Round "?"]
[White "Popov, Misha"]
[Black "Ducharme, Steven"]
[Result "1/2-1/2"]
[WhiteElo "942"]
[BlackElo "820"]
[PlyCount "110"]
[EventDate "2017.10.23"]
[EventType "tourn (corr)"]
[EventRounds "6"]
[EventCountry "GER"]
[SourceTitle "Corr 2022"]
[Source "ChessBase"]
[SourceDate "2021.10.24"]
[SourceVersion "1"]
[SourceVersionDate "2021.10.24"]
[SourceQuality "1"]

1. Nf3 Nf6 2. g3 g6 3. Bg2 Bg7 4. 0-0 0-0 5. d4 d5 6. Bf4 b6 7. Nbd2 Bb7 8. c4 h6 9. a4 Nbd7 10. Rc1 Rc8 11. b3 c5 12. cxd5 Nxd5 13. Be3 Nxe3 14. fxe3 cxd4 15. Nxd4 Rxc1 16. Qxc1 Bxg2 17. Kxg2 Bxd4 18. exd4 Qa8+ 19. e4 f5 20. Qc7 Rd8 21. Qf4 Kg7 22. g4 Nf6 23. gxf5 Rxd4 24. Re1 g5 25. Qe3 Rxd2+ 26. Qxd2 Nxe4 27. Qd4+ Nf6+ 28. Kg3 Qb8+ 29. Qe5 Qxe5+ 30. Rxe5 Kf7 31. a5 h5 32. axb6 axb6 33. Rb5 Nd7 34. Rd5 Nc5 35. b4 Ne4+ 36. Kg2 Nd6 37. Kf3 Kf6 38. h4 gxh4 39. Kf4 h3 40. Kg3 h2 41. Kxh2 Nxf5 42. Rb5 Nd6 43. Rxh5 Nf5 44. Rh8 Nd6 45. Kg3 Ke5 46. Kf3 e6 47. Ke3 Nf5+ 48. Kd3 b5 49. Rb8 Nd6 50. Rh8 Kd5 51. Rh5+ e5 52. Kc3 Ne4+ 53. Kd3 Nd6 54. Rg5 Ne4 55. Rh5 Nf6 1/2-1/2

[Event "SN-2017-0-00863"]
[Site "LSS email"]
[Date "2017.07.05"]
[Round "?"]
[White "Kuttner, Jaromir"]
[Black "Popov, Misha"]
[Result "1-0"]
[WhiteElo "709"]
[BlackElo "926"]
[PlyCount "43"]
[EventDate "2017.06.14"]
[EventType "tourn (corr)"]
[EventRounds "6"]
[EventCountry "GER"]
[SourceTitle "Corr 2022"]
[Source "ChessBase"]
[SourceDate "2021.10.24"]
[SourceVersion "1"]
[SourceVersionDate "2021.10.24"]
[SourceQuality "1"]

1. e4 e5 2. Nf3 Nc6 3. Bc4 Bc5 4. b4 Bxb4 5. c3 Bc5 6. d4 exd4 7. cxd4 Bb4+ 8. Nbd2 Na5 9. Bd3 Nf6 10. 0-0 0-0 11. Bb2 b6 12. a3 Be7 13. Rc1 c5 14. d5 d6 15. Re1 Bg4 16. h3 Bh5 17. g4 Nxg4 18. hxg4 Bxg4 19. Qc2 Bf6 20. e5 Bxf3 21. exf6 g6 22. Nxf3 1-0

[Event "RN-2017-0-01309"]
[Site "LSS email"]
[Date "2017.07.04"]
[Round "?"]
[White "Pliska, Miroslav"]
[Black "Popov, Misha"]
[Result "1-0"]
[WhiteElo "1137"]
[BlackElo "920"]
[PlyCount "71"]
[EventDate "2017.06.25"]
[EventType "tourn (corr)"]
[EventRounds "6"]
[EventCountry "GER"]
[SourceTitle "Corr 2022"]
[Source "ChessBase"]
[SourceDate "2021.10.24"]
[SourceVersion "1"]
[SourceVersionDate "2021.10.24"]
[SourceQuality "1"]

1. f4 d5 2. Nf3 Nf6 3. e3 c5 4. Bb5+ Bd7 5. Qe2 a6 6. Bxd7+ Nbxd7 7. 0-0 e6 8. b3 Be7 9. Bb2 b5 10. Ne5 Nxe5 11. fxe5 Nd7 12. d4 c4 13. Nd2 Qc7 14. Nf3 c3 15. Bc1 b4 16. Ne1 0-0 17. Rf3 f5 18. Nd3 a5 19. Rh3 Rf7 20. Nf4 g6 21. Nxe6 Qb7 22. Nf4 Rg7 23. Ne6 Rf7 24. Nf4 Rg7 25. Qf3 Nb6 26. Ne6 Rf7 27. Qf4 Bf8 28. a3 Nd7 29. Qf3 Be7 30. Qe2 Nf8 31. Nxf8 Raxf8 32. axb4 axb4 33. Qa6 Qd7 34. Rf3 Bg5 35. Ra4 Rb8 36. e6 1-0